| 000 | 00458nam a2200145 a 4500 | ||
|---|---|---|---|
| 001 | 000030568 | ||
| 005 | 20200930062401.0 | ||
| 008 | 110524s1995 sp 000 0 spa d | ||
| 040 |
_aDO-SdBNP _bspa _cBNPHU |
||
| 100 | 1 |
_aTomeo, Javier _944202 |
|
| 245 | 1 | 3 |
_aEl crimen del cine Oriente / _cJavier Tomeo. |
| 260 |
_aBarcelona : _bPlaza y Janes, _c1995. |
||
| 300 |
_a187 p. ; _c23 cm. |
||
| 500 | _aIncluye datos biográficos del autor en la solapa de la cubierta | ||
| 999 |
_c30060 _d30060 |
||